000 00427nam a2200157 i 4500
001 140733
003 ES-MaACL
005 20230906200137.0
007 t|
008 070917s1978 xxc ||||1| eng d
100 1 _aWilcox, Robert K.
_9116811
245 1 0 _aShroud /
_cRobert K. Wilcox.
260 _aToronto :
_bBantam Books,
_c[1978]
300 _a194 p., 16 h. de lám. ;
_c18 cm.
852 _aES-MaACL
_jA-10702
_bR.100038
999 _c140733
_d140733